Backward Geography - Statistics

General Stats
  • This quiz has been taken 12 times
  • The average score is 14 of 20
Answer Stats
Hint Answer % Correct
?aissuR dna aksalA setarapes tiarts tahW Bering Strait
91%
?ynamreG rof drow namreG eht si tahW Deutschland
91%
?salodnog sti rof suomaf si ytic tahW Venice
91%
?acirfA ni ytic latipac tsomnrehtron eht si tahW Tunis
82%
?ituobijD fo latipac eht si tahW Djibouti
73%
?aciremA htuoS fo tnenitnoc eht no detacol si ecnarF fo trap tahW French Guiana
73%
?eil lagutroP dna niapS od alusninep tahw nO Iberian Peninsula
73%
?noitalupop milsuM tsegral eht sah yrtnuoc tahW Indonesia
73%
?naltithconeT sa nwonk ecno saw ytic tahW Mexico City
73%
?acirfA ni tresed tsegral eht si tahW Sahara
73%
?dnalsi tsegral s'adanaC si tahW Baffin Island
64%
?etanigiro cisum avoN assoB did yrtnuoc tahw nI Brazil
64%
?acirfA htuoS yb dednuorrus yletelpmoc si yrtnuoc tahW Lesotho
64%
?ytic retsis ylno s'emoR si tahW Paris
64%
?revir eztgnaY eht no ytic tseggib eht si tahW Shanghai
64%
?nolyeC sa nwonk ylremrof saw yrtnuoc hatW Sri Lanka
64%
?fo latipac eht traboH si tahW Tasmania
55%
?fo trap a aicodappaC si ytrnuoc tahW Turkey
55%
?setatS detinU eht rof eman hsinapS eht s'tahW Estados Unidos
45%
?detacol laertnoM si revir hcihw nO Saint Lawrence
36%
No matching quizzes found
Score Distribution
Percent of People with Each Score
Percentile by Number Answered
Your Score History
You have not taken this quiz